000 00301nam a22001097a 4500
008 160518b xxu||||| |||| 00| 0 eng d
020 _a9781418048730
041 _aeng
080 _a616.31
245 _aDental assisting / a comprehensive approach:
_cDonna J. Phinney; Judy H. Halstead;
942 _2udc
_cBK
999 _c2207
_d2207